Normal view
MARC view
Entry Personal Name
001 - CONTROL NUMBER
- control field: 4460
003 - CONTROL NUMBER IDENTIFIER
- control field: ARRUPE
005 - DATE AND TIME OF LATEST TRANSACTION
- control field: 20131129140135.0
008 - FIXED-LENGTH DATA ELEMENTS
- fixed length control field: 131129|| aca||aabn | a|a d
040 ## - CATALOGING SOURCE
- Original cataloging agency: ARRUPE
- Transcribing agency: ARRUPE
100 ## - HEADING--PERSONAL NAME
- Personal name: Wider, Kathleen Virginia,
- Dates associated with a name: 1944-
670 ## - SOURCE DATA FOUND
- Source citation: Work cat.: (ARRUPE)0: Wider, Kathleen Virginia, 1944-, The bodily nature of consciousness :, 1997.